000 01053nam a2200265Ia 4500
003 OSt
005 20221005105021.0
006 a|||||r|||| 00| 0
007 ta
008 221004b |||||||| |||| 00| 0 hin d
020 _a8185999791 (hbk)
_c590
024 _a88549
037 _b460, 25/03/2008, Swaraj Prakashan
_cTextual
040 _aCRL
_cCRL
_bhin
041 _2hin
_ahin
082 _aO152,6N48x, P6
100 _aद्वारिका प्रसाद ‘चारूमित्र’
245 0 _aसाहित्य - समीक्षा और इतिहास बोध
246 _aSāhitya - samīkṣhā aur itihās bodha
260 _aदिल्ली
_bस्वराज प्रकाशन भारत
_c2006
300 _a133पृ0
_ccm.
650 _aहिन्दी साहित्य
942 _hO152,6N48x, P6
_cTEXL
_2cc
999 _c1014467
_d1014467